| 000 | 00843nam a22002177a 4500 | ||
|---|---|---|---|
| 005 | 20240321113449.0 | ||
| 008 | 110317t xxu||||| |||| 00| 0 eng d | ||
| 010 | _aB-755919-924 ENG-139858 | ||
| 020 |
_a9789390473236 _c575.00 |
||
| 035 | _aB-755919-924 | ||
| 035 | _aEN-123390 | ||
| 037 | _bAcademic Aspirations | ||
| 082 | _a301.09454 | ||
| 100 | 1 |
_926630 _aDawolkar, Sudhir |
|
| 245 | 1 | 0 |
_aSociology of India/ _cBy - Sudhir Dawolkar |
| 260 |
_aNew Delhi _bAcademic Aspirations _c2022 |
||
| 270 |
_a4740/23, Ansari Road, Darya Ganj, _bNew Delhi _e110002 |
||
| 300 |
_aviii, 320p. _c23cm (pbk) |
||
| 942 |
_2ddc _cEN _mDAW _h301.0954 |
||
| 999 |
_c199502 _d199502 |
||